000 00648nam a2200169Ia 4500
008 090124s9999 xx 000 0 und d
082 _b29854
_a703
100 _aजायस्वाल जयनारायण
245 _a चुंबकीय चिकित्सा का व कशी
250 _a0
300 _a64
600 _aजायस्वाल जयनारायण
630 _a चुंबकीय चिकित्सा का व कशी
700 _aजायस्वाल जयनारायण
730 _a चुंबकीय चिकित्सा का व कशी
942 _cBOOK
999 _c143336
_d143336